000 00391pab a2200157 454500
008 180718b2007 xxu||||| |||| 00| 0 eng d
100 _aTaylor, Lester D.
245 _aAn overview of telecommunications demand modeling
260 _c2007
300 _ap.5-34.
362 _aJan-Mar
650 _aTelecommunications
773 _aIndian Economic Journal
908 _aN
909 _a78911
999 _c78911
_d78911